| 000 | 00718cam a22002533a 4500 | ||
|---|---|---|---|
| 001 | 15487 | ||
| 003 | PGUSA | ||
| 005 | 20140828083330.0 | ||
| 008 | 050328s2005||||xxu|||||s|||||000 | eng d | ||
| 040 |
_aPGUSA _beng |
||
| 042 | _adc | ||
| 050 | 4 | _aHN | |
| 100 | 1 |
_aAddams, Jane, _d1860-1935 |
|
| 245 | 1 | 0 |
_aDemocracy and Social Ethics _h[electronic resource] / _cJane Addams |
| 260 |
_bProject Gutenberg, _c2005 |
||
| 506 | _aPublic domain in the USA. | ||
| 516 | _aElectronic text | ||
| 653 | _aSocial ethics | ||
| 653 | _aUnited States -- Social conditions -- 1865-1918 | ||
| 653 | _aSocial sciences | ||
| 830 | 0 |
_aProject Gutenberg _v15487 |
|
| 856 | 4 | 0 | _uhttp://www.gutenberg.org/ebooks/15487 |
| 942 | _cEB | ||
| 999 |
_c244742 _d244742 |
||